[Event "SVK-chT3A2 1718"]
[Site "Slovakia"]
[Date "2018.03.04"]
[Round "10.2"]
[White "Spacek, Marcel"]
[Black "Turczi, Arpad Matyas"]
[Result "1-0"]
[WhiteElo "1793"]
[BlackElo "1283"]
[PlyCount "41"]
[EventDate "2017.10.08"]
[EventType "team-tourn"]
[EventRounds "11"]
[EventCountry "SVK"]
[SourceTitle "EXT 2020"]
[Source "ChessBase"]
[SourceDate "2019.10.17"]
[SourceVersion "1"]
[SourceVersionDate "2019.10.17"]
[SourceQuality "1"]
[WhiteTeam "Senica CVC"]
[BlackTeam "Dunajska Streda II"]
[WhiteTeamCountry "SVK"]
[BlackTeamCountry "SVK"]

1. d4 c5 2. d5 d6 3. c4 e6 4. e4 Nf6 5. Nc3 Be7 6. Bd3 0-0 7. f4 e5 8. f5 Bd7 9. g4 h6 10. h4 Nh7 11. Nf3 f6 12. Be3 Na6 13. Qd2 Nb4 14. Be2 a5 15. 0-0-0 Be8 16. Rdg1 Na6 17. Bxh6 gxh6 18. Qxh6 Rf7 19. g5 Bf8 20. gxf6+ Kh8 21. Qg6 1-0